000 00792nam a2200181 a 4500
001 000039635
005 20201002033642.0
008 130712s2009 uy 000 0 spa d
020 _a9789974550636
040 _aDO-SdBNP
_bspa
_cBNPHU
082 _axxx
100 1 _aMorosoli, Juan José,
_d1899-1957
_965816
245 1 0 _aCuentos completos /
_cJuan José Morosoli ; edicion Heber Raviolo.
260 _aMontevideo, Uruguay :
_bBiblioteca Nacional,
_bEdiciones de la Banda Oriental,
_c2009.
300 _a624 p. ;
_c23 cm.
505 0 _tHombre --
_tLos albañiles de los "Tapes" --
_tHombre y mujeres --
_tVivientes --
_tTierra y tiempo --
_tEl viaje hacia el mar --
_tOtros cuentos no recogidos en libro por el autor --
_tRelatos para niños --
_gVocabulario
700 1 _aRaviolo, Heber,
_eed.
_965817
999 _c39125
_d39125